historical sketches of the south Indian history. Ed 2. (Record no. 95938)
[ view plain ]
| 000 -LEADER | |
|---|---|
| fixed length control field | 00420nam a2200157Ia 4500 |
| 008 - FIXED-LENGTH DATA ELEMENTS--GENERAL INFORMATION | |
| fixed length control field | 210210b1980 xxu||||| |||| 00| 0 eng d |
| 082 ## - DEWEY DECIMAL CLASSIFICATION NUMBER | |
| Classification number | 954.8 WILH |
| 100 ## - MAIN ENTRY--PERSONAL NAME | |
| Personal name | WILKS (Mark) |
| 245 ## - TITLE STATEMENT | |
| Title | historical sketches of the south Indian history. Ed 2. |
| 250 ## - EDITION STATEMENT | |
| Edition statement | |
| 260 ## - PUBLICATION, DISTRIBUTION, ETC. | |
| Place of publication, distribution, etc. | New Delhi. |
| Name of publisher, distributor, etc. | Cosmo Publications., |
| Date of publication, distribution, etc. | 1980 |
| 300 ## - PHYSICAL DESCRIPTION | |
| Extent | xxiii,817 |
| 690 ## - LOCAL SUBJECT ADDED ENTRY--TOPICAL TERM (OCLC, RLIN) | |
| Topical term or geographic name as entry element | Indian History |
| 700 ## - ADDED ENTRY--PERSONAL NAME | |
| Personal name | HAMMICK (Murray). |
| 906 ## - LOCAL DATA ELEMENT F, LDF (RLIN) | |
| a | 046759 |
| Withdrawn status | Lost status | Damaged status | Not for loan | Collection code | Home library | Current library | Shelving location | Date acquired | Cost, normal purchase price | Total Checkouts | Full call number | Barcode | Date last seen | Date last checked out | Price effective from | Koha item type |
|---|---|---|---|---|---|---|---|---|---|---|---|---|---|---|---|---|
| St Aloysius Library | St Aloysius Library | 02/17/2021 | 110.00 | 1 | 954.8 WILH | 046759 | 07/22/2025 | 07/12/2025 | 02/17/2021 | Book |